Recreational motive and activity participation at the Malaysian Agriculture Park, Bukit Cahaya Seri Alam, Selangor

Bibliographic Details
Main Author: Norizan bte Abdul Patah
Format: Book
Published: Serdang, Selangor : Universiti Putra Malaysia , 1991
Subjects:

MARC

LEADER 00000cam a2200000 7i4500
001 0000003891
005 20110818.0
090 0 0 |a R THE 333.78   |b NORI 1991 
100 0 0 |a Norizan bte Abdul Patah 
245 1 0 |a Recreational motive and activity participation at the Malaysian Agriculture Park, Bukit Cahaya Seri Alam, Selangor   |c Norizan bte Abdul Patah 
260 0 0 |a Serdang, Selangor :   |b Universiti Putra Malaysia ,   |c 1991 
300 |a x, 77 p. ;   |c 30 cm. 
500 0 0 |a Bibliography : p. 74-77 
500 0 0 |a Thesis - Degree of Bachelor of Forestry Science in Faculty of Forestry, Universiti Putra Malaysia (1991) 
650 0 0 |a Malaysian Agriculture Park   |x Malaysia   |z Selangor 
998 |a JPSM 
999 |a 005604   |b Thesis   |c Reference   |e Default branch